[Event "Medellin Conconcreto op"]
[Site "Medellin"]
[Date "2018.01.27"]
[Round "4"]
[White "Del Valle, Juan Pablo"]
[Black "Ruiz Agudelo, Santiago"]
[Result "1/2-1/2"]
[WhiteElo "1962"]
[BlackElo "1877"]
[PlyCount "29"]
[EventDate "2018.01.24"]
[EventType "swiss"]
[EventRounds "7"]
[EventCountry "COL"]
[SourceTitle "CBM 182 Extra"]
[Source "ChessBase"]
[SourceDate "2018.02.23"]
[SourceVersion "1"]
[SourceVersionDate "2018.02.23"]
[SourceQuality "1"]

1. d4 d5 2. Nf3 Nf6 3. Bg5 c5 4. e3 Nc6 5. c3 cxd4 6. exd4 Bf5 7. Bb5 a6 8. Ba4 b5 9. Bb3 e6 10. 0-0 Be7 11. Nbd2 0-0 12. a4 Qc7 13. Qe2 Rab8 14. axb5 axb5 15. Ra6 1/2-1/2

[Event "Medellin Luces Cup"]
[Site "Medellin"]
[Date "2017.12.21"]
[Round "6"]
[White "Ruiz Agudelo, Santiago"]
[Black "Toro Castaneda, Miguel Angel"]
[Result "1/2-1/2"]
[WhiteElo "1883"]
[BlackElo "1606"]
[PlyCount "71"]
[EventDate "2017.12.18"]
[EventType "swiss"]
[EventRounds "7"]
[EventCountry "COL"]
[SourceTitle "CBM 182 Extra"]
[Source "ChessBase"]
[SourceDate "2018.02.23"]
[SourceVersion "1"]
[SourceVersionDate "2018.02.23"]
[SourceQuality "1"]

1. e4 c5 2. Nf3 d6 3. d4 cxd4 4. Qxd4 Nc6 5. Bb5 Bd7 6. Bxc6 Bxc6 7. Nc3 Nf6 8. Bg5 e6 9. 0-0-0 Be7 10. Qd3 Qa5 11. h4 0-0 12. Nd4 Rfc8 13. Kb1 Rab8 14. f4 b5 15. Bxf6 Bxf6 16. f5 b4 17. Nxc6 Rxc6 18. Ne2 b3 19. cxb3 Ra6 20. Nc1 Rc8 21. Rd2 Rac6 22. Ne2 exf5 23. exf5 Rc5 24. g4 Qb4 25. g5 Be5 26. h5 Bf4 27. Nxf4 Qxf4 28. g6 Rxf5 29. Re1 Rxh5 30. Rf1 Rhc5 31. gxf7+ Qxf7 32. b4 R5c6 33. b5 Rc5 34. b4 Rc3 35. Qxh7+ Kxh7 36. Rxf7 1/2-1/2

[Event "COL sub zt 2.3.4"]
[Site "La Dorada"]
[Date "2016.11.02"]
[Round "1"]
[White "Agudelo, Carlos Hernan"]
[Black "Ruiz Agudelo, Santiago"]
[Result "1/2-1/2"]
[WhiteElo "2085"]
[BlackElo "1798"]
[PlyCount "73"]
[EventDate "2016.11.02"]
[EventType "swiss"]
[EventRounds "9"]
[EventCountry "COL"]
[SourceTitle "CBM 175 Extra"]
[Source "ChessBase"]
[SourceDate "2016.12.12"]
[SourceVersion "1"]
[SourceVersionDate "2016.12.12"]
[SourceQuality "1"]

1. d4 d5 2. c4 c6 3. cxd5 cxd5 4. Nf3 Nf6 5. g3 Nc6 6. Bg2 Bg4 7. Ne5 Bf5 8. Qa4 Qa5+ 9. Qxa5 Nxa5 10. Nc3 e6 11. Bd2 Nc6 12. Nb5 Rc8 13. Rc1 a6 14. Nxc6 axb5 15. Ne5 Rxc1+ 16. Bxc1 b4 17. Bf4 Be7 18. Kd2 0-0 19. Rc1 Bd6 20. Nd3 Bxf4+ 21. gxf4 Bxd3 22. Kxd3 h6 23. Rc7 Ra8 24. Rxb7 Rxa2 25. Rxb4 Ra1 26. Rb8+ Kh7 27. b4 Ng4 28. f5 Nxf2+ 29. Ke3 Ng4+ 30. Kf4 exf5 31. Bxd5 Rf1+ 32. Bf3 Nxh2 33. d5 Nxf3 34. exf3 Rd1 35. Ke5 h5 36. f4 h4 37. d6 1/2-1/2

[Event "Medellin Antioquia Cup"]
[Site "Medellin"]
[Date "2016.10.14"]
[Round "5"]
[White "Ruiz Agudelo, Santiago"]
[Black "Dominguez, Laura Lucia"]
[Result "1/2-1/2"]
[WhiteElo "1811"]
[BlackElo "2068"]
[PlyCount "51"]
[EventDate "2016.10.12"]
[EventType "swiss"]
[EventRounds "8"]
[EventCountry "COL"]
[SourceTitle "CBM 175 Extra"]
[Source "ChessBase"]
[SourceDate "2016.12.12"]
[SourceVersion "1"]
[SourceVersionDate "2016.12.12"]
[SourceQuality "1"]

1. e4 c5 2. Nf3 g6 3. d4 cxd4 4. Nxd4 Bg7 5. Nc3 Nc6 6. Be3 Nf6 7. Bc4 0-0 8. Bb3 a5 9. f3 d5 10. Bxd5 Nxd5 11. Nxd5 f5 12. Nxc6 bxc6 13. Nb6 Rb8 14. Qxd8 Rxd8 15. c3 fxe4 16. fxe4 Ba6 17. Rd1 Rxd1+ 18. Kxd1 Bd3 19. Kc1 Bxe4 20. Rg1 Rd8 21. g3 Bf6 22. Rd1 Rxd1+ 23. Kxd1 Bb1 24. a4 Ba2 25. Kc2 Be6 26. b4 1/2-1/2

[Event "Medellin Flores op 23rd"]
[Site "Medellin"]
[Date "2016.08.05"]
[Round "4"]
[White "Ruiz Agudelo, Santiago"]
[Black "Diaz Herrera, Leider Andres"]
[Result "1/2-1/2"]
[WhiteElo "1811"]
[BlackElo "2007"]
[PlyCount "47"]
[EventDate "2016.08.03"]
[EventType "swiss"]
[EventRounds "9"]
[EventCountry "COL"]
[SourceTitle "CBM 173 Extra"]
[Source "ChessBase"]
[SourceDate "2016.08.29"]
[SourceVersion "1"]
[SourceVersionDate "2016.08.29"]
[SourceQuality "1"]

1. e4 c5 2. Nf3 e6 3. d4 cxd4 4. Nxd4 a6 5. Bd3 Nf6 6. Qe2 d6 7. c4 Nbd7 8. 0-0 Ne5 9. b3 Qb6 10. Bb2 Ng6 11. Qd2 Be7 12. Kh1 0-0 13. f4 Rd8 14. Nf3 d5 15. e5 Ne4 16. Qc2 Bd7 17. Bxe4 dxe4 18. Nd4 e3 19. f5 Nxe5 20. Nxe6 fxe6 21. Bxe5 exf5 22. Nc3 Be6 23. Rad1 Rac8 24. Ne2 1/2-1/2

[Event "Medellin Flores op 23rd"]
[Site "Medellin"]
[Date "2016.08.04"]
[Round "3"]
[White "Caicedo, Carlos Andres"]
[Black "Ruiz Agudelo, Santiago"]
[Result "0-1"]
[WhiteElo "1940"]
[BlackElo "1811"]
[PlyCount "104"]
[EventDate "2016.08.03"]
[EventType "swiss"]
[EventRounds "9"]
[EventCountry "COL"]
[SourceTitle "CBM 173 Extra"]
[Source "ChessBase"]
[SourceDate "2016.08.29"]
[SourceVersion "1"]
[SourceVersionDate "2016.08.29"]
[SourceQuality "1"]

1. e4 c5 2. Nf3 d6 3. Bb5+ Nd7 4. 0-0 Ngf6 5. Re1 a6 6. Bd3 g6 7. c3 Bg7 8. Bc2 0-0 9. d3 b5 10. Nbd2 Bb7 11. Nf1 e5 12. Bg5 Qc7 13. Qe2 d5 14. b3 c4 15. bxc4 bxc4 16. dxc4 Nxe4 17. Bxe4 dxe4 18. N3d2 Nc5 19. Reb1 f5 20. Be3 Nd7 21. Nb3 f4 22. Bc5 Rf7 23. Bb4 f3 24. Qe1 e3 25. Nxe3 fxg2 26. Nd5 Qxc4 27. Ne7+ Kh8 28. Na5 Qe4 29. Qd2 Nf6 30. Re1 Qh4 31. Qe3 Nd5 32. Nxd5 Bxd5 33. Bd6 Rf3 34. Qc5 Re8 35. Re2 Ba8 36. Bxe5 Bxe5 37. Rxe5 Ref8 38. Re2 R3f5 39. Qb4 Rxf2 40. Ree1 Qf6 41. Qd4 Qxd4 42. cxd4 Rd2 43. Nb3 Rb2 44. Reb1 Rc2 45. Rc1 Rcf2 46. Nc5 Bd5 47. a3 a5 48. Nd7 R8f5 49. Ne5 Rd2 50. Rd1 Rff2 51. Nd3 Rf1+ 52. Rxf1 gxf1Q+ 0-1

[Event "COL-ch U16 m sf3"]
[Site "Pereira"]
[Date "2016.05.30"]
[Round "6.4"]
[White "Amado, Jhon Esteban"]
[Black "Ruiz Agudelo, Santiago"]
[Result "1/2-1/2"]
[WhiteElo "1787"]
[BlackElo "1716"]
[PlyCount "69"]
[EventDate "2016.05.27"]
[EventType "swiss"]
[EventRounds "6"]
[EventCountry "COL"]
[SourceTitle "EXT 2024"]
[Source "ChessBase"]
[SourceDate "2023.10.10"]
[SourceVersion "1"]
[SourceVersionDate "2023.10.10"]
[SourceQuality "1"]

1. e4 c5 2. Nf3 d6 3. d4 cxd4 4. Nxd4 Nf6 5. Nc3 a6 6. a4 e5 7. Nb3 Be7 8. Be2 0-0 9. 0-0 Be6 10. Kh1 Nc6 11. f4 exf4 12. Bxf4 d5 13. exd5 Nxd5 14. Nxd5 Qxd5 15. Qxd5 Bxd5 16. Nd2 g5 17. Bg3 f5 18. Bc4 Nb4 19. c3 Bxc4 20. Nxc4 Nd5 21. Bd6 Bxd6 22. Nxd6 Ne3 23. Rf2 b6 24. Re1 f4 25. Ne4 h6 26. Nd2 Rad8 27. Nf1 Rfe8 28. Rfe2 Kf7 29. Kg1 Nxf1 30. Kxf1 Rxe2 31. Rxe2 Rd1+ 32. Kf2 a5 33. b4 Ra1 34. bxa5 bxa5 35. Re4 1/2-1/2

[Event "COL-ch U16 m sf3"]
[Site "Pereira"]
[Date "2016.05.29"]
[Round "5.5"]
[White "Hernandez, Jeronimo"]
[Black "Ruiz Agudelo, Santiago"]
[Result "0-1"]
[WhiteElo "1598"]
[BlackElo "1716"]
[PlyCount "64"]
[EventDate "2016.05.27"]
[EventType "swiss"]
[EventRounds "6"]
[EventCountry "COL"]
[SourceTitle "EXT 2024"]
[Source "ChessBase"]
[SourceDate "2023.10.10"]
[SourceVersion "1"]
[SourceVersionDate "2023.10.10"]
[SourceQuality "1"]

1. e4 c5 2. c3 d5 3. exd5 Qxd5 4. Nf3 Nf6 5. d4 cxd4 6. cxd4 e6 7. Nc3 Qd8 8. Bc4 Nc6 9. 0-0 Be7 10. Bf4 a6 11. Qd2 0-0 12. a3 b5 13. Bb3 Bb7 14. d5 Na5 15. Ba2 Nxd5 16. Nxd5 Bxd5 17. Bxd5 exd5 18. Rad1 Nc4 19. Qxd5 Nxb2 20. Qxd8 Rfxd8 21. Rxd8+ Rxd8 22. h3 h6 23. Ne5 Bxa3 24. Ra1 Rd1+ 25. Rxd1 Nxd1 26. Nd3 b4 27. Bd6 a5 28. Ne5 Nc3 29. Nc6 Nb5 30. Bc5 b3 31. Bd4 Nxd4 32. Nxd4 b2 0-1

[Event "COL-ch U16"]
[Site "Medellin"]
[Date "2016.04.13"]
[Round "4"]
[White "Ruiz Agudelo, Santiago"]
[Black "Arboleda Orozco, Juan M"]
[Result "1-0"]
[WhiteElo "1873"]
[BlackElo "1914"]
[PlyCount "123"]
[EventDate "2016.04.11"]
[EventType "tourn"]
[EventRounds "9"]
[EventCountry "COL"]
[SourceTitle "EXT 2018"]
[Source "ChessBase"]
[SourceDate "2017.10.13"]
[SourceVersion "1"]
[SourceVersionDate "2017.10.13"]
[SourceQuality "1"]

1. e4 c5 2. Nf3 d6 3. d4 cxd4 4. Nxd4 Nf6 5. Nc3 g6 6. Be3 Bg7 7. f3 0-0 8. Qd2 Nc6 9. Bc4 Bd7 10. 0-0-0 Rc8 11. Bb3 Nxd4 12. Bxd4 b5 13. Nd5 Nxd5 14. Bxg7 Kxg7 15. exd5 a5 16. a3 b4 17. axb4 axb4 18. Qxb4 Kg8 19. Rhe1 Re8 20. Rd4 Rc5 21. Qd2 Qa8 22. Kd1 Qa6 23. Re3 Ra5 24. Ke1 Ra1+ 25. Kf2 Rb1 26. Rde4 Qf1+ 27. Kg3 Kf8 28. Re1 Rxe1 29. Rxe1 Qb5 30. Qh6+ Kg8 31. Re4 Qa5 32. Qe3 Kf8 33. Qh6+ Kg8 34. Qe3 Kf8 35. Qh6+ Kg8 36. h3 Bf5 37. Rh4 Qe1+ 38. Kh2 Qe5+ 39. Kg1 Qe1+ 40. Kh2 Qe5+ 41. Kg1 Qg7 42. Qxg7+ Kxg7 43. Rc4 g5 44. Kf2 Kf6 45. g4 Bg6 46. Ke3 Ke5 47. Rc7 f5 48. Ba4 f4+ 49. Ke2 Ra8 50. Bc6 Ra2 51. Rxe7+ Kd4 52. c3+ Kc4 53. Rb7 Bc2 54. Kd2 Bb3 55. Rb4+ Kc5 56. Rxb3 h5 57. Kc2 h4 58. Kd2 Kc4 59. Rb4+ Kc5 60. Kc2 Ra3 61. Rc4+ Kxc4 62. bxa3 1-0

[Event "COL pre olympic sf1"]
[Site "Medellin"]
[Date "2016.03.27"]
[Round "9"]
[White "Ruiz Agudelo, Santiago"]
[Black "Leal Cortes, Diego Fernando"]
[Result "0-1"]
[WhiteElo "1724"]
[BlackElo "1903"]
[PlyCount "70"]
[EventDate "2016.03.22"]
[EventType "swiss"]
[EventRounds "9"]
[EventCountry "COL"]
[SourceTitle "CBM 171 Extra"]
[Source "ChessBase"]
[SourceDate "2016.04.26"]
[SourceVersion "1"]
[SourceVersionDate "2016.04.26"]
[SourceQuality "1"]

1. e4 c6 2. d4 d5 3. Nc3 dxe4 4. Nxe4 Nd7 5. Nf3 Ngf6 6. Ng3 e6 7. Bd3 Bd6 8. 0-0 0-0 9. c4 c5 10. Qe2 Qc7 11. b3 b6 12. Bb2 Bb7 13. Rfd1 Rad8 14. dxc5 Bxc5 15. Ne4 Be7 16. Rac1 Qf4 17. Nxf6+ Nxf6 18. Qe5 Bd6 19. Qxf4 Bxf4 20. Ra1 Bxf3 21. gxf3 Nd7 22. b4 Ne5 23. Bxe5 Bxe5 24. Rac1 Rd4 25. a3 Rh4 26. Re1 Bxh2+ 27. Kg2 Bf4 28. Rh1 Bxc1 29. Rxh4 g6 30. a4 Rd8 31. Bb1 Ba3 32. b5 Rd2 33. Rh1 Bc5 34. Rf1 Rb2 35. Kg3 Bxf2+ 0-1

[Event "COL pre olympic sf1"]
[Site "Medellin"]
[Date "2016.03.23"]
[Round "2"]
[White "Ruiz Agudelo, Santiago"]
[Black "Zabala, Fidel"]
[Result "1-0"]
[WhiteElo "1724"]
[BlackElo "1987"]
[PlyCount "59"]
[EventDate "2016.03.22"]
[EventType "swiss"]
[EventRounds "9"]
[EventCountry "COL"]
[SourceTitle "CBM 171 Extra"]
[Source "ChessBase"]
[SourceDate "2016.04.26"]
[SourceVersion "1"]
[SourceVersionDate "2016.04.26"]
[SourceQuality "1"]

1. e4 Nf6 2. e5 Nd5 3. d4 d6 4. Nf3 Bg4 5. Be2 g6 6. h3 Bxf3 7. Bxf3 c6 8. exd6 Qxd6 9. c4 Nc7 10. Nc3 Bg7 11. Be3 0-0 12. 0-0 f5 13. g3 Nba6 14. Qb3 Kh8 15. Qxb7 Rab8 16. Qxc6 Rxb2 17. Qxd6 exd6 18. Rab1 Rfb8 19. Rxb2 Rxb2 20. Rb1 Rc2 21. Rb3 h6 22. Bd1 Rxc3 23. Rxc3 Ne6 24. Ra3 Nac7 25. Rxa7 f4 26. d5 fxe3 27. dxe6 exf2+ 28. Kf1 Nxe6 29. Ra8+ Bf8 30. Re8 1-0

[Event "COL-ch U2000"]
[Site "Medellin"]
[Date "2016.??.??"]
[Round "8.16"]
[White "Suarez Zapata, Hernando"]
[Black "Ruiz Agudelo, Santiago"]
[Result "0-1"]
[WhiteElo "1924"]
[BlackElo "1724"]
[PlyCount "60"]
[EventDate "2016.02.29"]
[EventType "swiss"]
[EventRounds "9"]
[EventCountry "COL"]
[SourceTitle "EXT 2024"]
[Source "ChessBase"]
[SourceDate "2023.10.10"]
[SourceVersion "1"]
[SourceVersionDate "2023.10.10"]
[SourceQuality "1"]

1. e4 c5 2. Nf3 d6 3. d4 cxd4 4. Nxd4 Nf6 5. Nc3 a6 6. f3 e5 7. Nde2 Be7 8. Be3 Be6 9. Qd2 0-0 10. 0-0-0 Nbd7 11. g4 b5 12. Ng3 b4 13. Nd5 Bxd5 14. exd5 Nb6 15. Bxb6 Qxb6 16. Nf5 Bd8 17. h4 a5 18. h5 h6 19. Bd3 Nxg4 20. Kb1 Bg5 21. Qe2 Nf2 22. Rdg1 Nxh1 23. Rxh1 b3 24. axb3 Qb4 25. c3 Qxb3 26. Qe4 Rfb8 27. Rh2 a4 28. Ne7+ Kf8 29. Nc6 a3 30. Nxb8 a2+ 0-1

[Event "Medellin Navideno op"]
[Site "Medellin"]
[Date "2015.12.11"]
[Round "2"]
[White "Ruiz Agudelo, Santiago"]
[Black "Vargas Arteaga, Alexis"]
[Result "0-1"]
[WhiteElo "1748"]
[BlackElo "2301"]
[PlyCount "56"]
[EventDate "2015.12.10"]
[EventType "swiss"]
[EventRounds "7"]
[EventCountry "COL"]
[SourceTitle "CBM 169 Extra"]
[Source "ChessBase"]
[SourceDate "2015.12.18"]
[SourceVersion "1"]
[SourceVersionDate "2015.12.18"]
[SourceQuality "1"]

1. e4 c5 2. Nf3 Nc6 3. d4 cxd4 4. Nxd4 Qb6 5. Nb3 Nf6 6. Nc3 e6 7. Be3 Qc7 8. Be2 a6 9. 0-0 b5 10. a3 Be7 11. Kh1 0-0 12. f4 d6 13. g4 g5 14. h4 gxf4 15. Bxf4 Nd7 16. Nd4 Nxd4 17. Bh6 Nxe2 18. Qxe2 Bb7 19. Bxf8 Bxf8 20. g5 Bg7 21. g6 hxg6 22. h5 Bxc3 23. bxc3 Qc4 24. Qxc4 bxc4 25. Rf4 Nc5 26. Re1 g5 27. Rg4 Nxe4 28. Rgxe4 f5 0-1

[Event "Medellin Navideno op"]
[Site "Medellin"]
[Date "2015.12.10"]
[Round "1"]
[White "Contreras, Henry"]
[Black "Ruiz Agudelo, Santiago"]
[Result "1-0"]
[WhiteElo "2203"]
[BlackElo "1748"]
[PlyCount "57"]
[EventDate "2015.12.10"]
[EventType "swiss"]
[EventRounds "7"]
[EventCountry "COL"]
[SourceTitle "CBM 169 Extra"]
[Source "ChessBase"]
[SourceDate "2015.12.18"]
[SourceVersion "1"]
[SourceVersionDate "2015.12.18"]
[SourceQuality "1"]

1. e4 c5 2. Nf3 d6 3. d4 cxd4 4. Nxd4 Nf6 5. Nc3 a6 6. Be3 e5 7. Nb3 Be6 8. f3 Be7 9. Qd2 0-0 10. 0-0-0 Nbd7 11. g4 b5 12. g5 b4 13. Ne2 Ne8 14. f4 Nb6 15. Na5 Nc4 16. Nxc4 Bxc4 17. b3 Bxe2 18. Bxe2 Qa5 19. a4 exf4 20. Bxf4 Nc7 21. h4 Nb5 22. Qd5 Rac8 23. Bxb5 Rc5 24. Qb7 Rfc8 25. Qxe7 axb5 26. Bxd6 Rxc2+ 27. Kb1 bxa4 28. Rhf1 Qa8 29. Rxf7 1-0